Państwa mające dostęp do Mozra Kaspijskiego - Statystyki

Ogólne statystyki
  • Ten quiz został rozwiązany 17 razy
  • Średni wynik to 5 z 5
Statystyki odpowiedzi
Brzeg (km) Odpowiedź % Poprawnych
750 Rosja
100%
1,9 tys Kazachstan
93%
713 Azerbejdżan
86%
630 Iran
86%
600 Turkmenistan
86%
Nie znaleziono quizów pasujących do podanych kryteriów
Rozkład punktacji
Procent ludzi z każdym wynikiem
Percentyl według liczby udzielonych odpowiedzi
Twoja historia wyników
Nie rozwiązałeś tego quizu